000 00604nam a2200193 i 4500
001 51471
003 ES-MaACL
005 20250514212508.0
007 t|
008 030813s1949 sp ||||1| spa d
100 1 _aDalí, Ana María.
_942482
245 1 0 _aSalvador Dalí visto por su hermana /
_cAna María Dalí ; [traducción de María Luz Morales].
250 _a[1ª ed.].
260 _aBarcelona :
_bJuventud,
_c1949 (
_fAtenas)
300 _a142 p., 12 lám. ;
_c23 cm.
700 1 _aMorales, María Luz,
_d1889-1980
_983001
852 _aES-MaACL
_jB-1913
_bR.29125
999 _c51471
_d51471